20 fantázií pre klavír (miniportréty majstrov)

Bibliographic Details
Main Author: Domanský, Hanuš, 1944-2021 (skl)
Other Authors: Šimo, Štefan (npi)
Format: Book
Language:Slovak
Published: Bratislava Hudobný fond 1997
Edition:1. vyd.
Subjects:

MARC

LEADER 00000nam a2200000 a 4500
001 vtls001426539
003 SK-MaSNL
005 20260331204506.0
008 160801sm y0 xo r 0 slo
015 |a SNBH2003/02-00862 
020 |a 8080510504 
035 |a SNK000381486 
040 |a SNK  |b slo  |c SNK  |e AACR2 
044 |a xo  |c SK 
072 7 |a 786  |2 konspekt 
080 |a 786.2.02  |2 1981 
080 |a 781.66  |2 1981 
080 |a 786.2  |2 1981 
080 |a 786.2.087.1:78.083.3  |2 2. slo 
080 |a 78.083.3  |2 2. slo 
100 1 |a Domanský, Hanuš,  |d 1944-2021  |4 skl  |9 116879 
245 1 |a 20 fantázií pre klavír  |b (miniportréty majstrov)  |c Hanuš Domanský ; noty kreslil Šefan Šimo  |h hudobnina 
250 |a 1. vyd. 
260 |a Bratislava  |b Hudobný fond  |c 1997 
300 |a 1 partitúra  |b (56 s.)  |c 30 cm 
500 |a 500 výt. 
505 0 |a Obsahuje 20 fantázií pre klavír 
650 0 7 |a komorná hudba  |x fantázie  |x klavír  |2 SNK  |9 392105 
650 0 7 |a hudba pre klávesové nástroje  |2 SNK  |9 3433 
655 7 |a HHU  |2 SNK  |9 283804 
655 7 |a partitúry  |2 SNK  |9 70123 
700 1 |a Šimo, Štefan  |4 npi  |9 47148 
919 |a 80-8051-050-4 
924 |a klavír 
999 |c 641221  |d 643151 
952 |t P60, <03>, [BOOK], {603}  |a SNK  |b SNK  |y PREZ  |7 0  |p 17A0328319  |o snkHSB 3548  |i snkKSP 650/2002  |0 0  |1 0  |4 0  |d 2002-01-17  |l 0  |r 2005-01-02 00:00:00  |w 2026-02-23 
952 |t P60, <04>, [BOOK], {604}  |a SNK  |b SNK  |y VYP  |7 0  |p 17A0328320  |o snkHSB 3548 D1  |i snkKSP 651/2002  |0 0  |1 0  |4 0  |d 2002-01-17  |l 0  |r 2005-01-02 00:00:00  |w 2026-02-23